日野市の町名 【読み方版】 - Statistics

General Stats
  • This quiz has been taken 22 times
  • The average score is 13 of 28
Answers on the Map
Answers color-coded by a green-red scale on the quiz's map according to % correct below.
 
Answer Stats
町名 % Correct
高幡 (たかはた)
100%
日野 (ひの)
80%
百草 (もぐさ)
80%
程久保 (ほどくぼ)
80%
豊田 (とよだ)
80%
万願寺 (まんがんじ)
73%
南平 (みなみだいら)
67%
東豊田 (ひがしとよだ)
67%
多摩平 (たまだいら)
67%
平山 (ひらやま)
53%
日野台 (ひのだい)
47%
日野本町 (ひのほんまち)
47%
西平山 (にしひらやま)
40%
大坂上 (おおさかうえ)
40%
旭が丘 (あさひがおか)
40%
上田 (かみだ)
33%
川辺堀之内 (かわべほりのうち)
33%
神明 (しんめい)
33%
三沢 (みさわ)
33%
東平山 (ひがしひらやま)
33%
宮 (みや)
27%
石田 (いしだ)
27%
新井 (あらい)
27%
落川 (おちかわ)
27%
さくら町 (さくらまち)
27%
富士町 (ふじまち)
27%
栄町 (さかえまち)
20%
新町 (しんまち)
20%
No matching quizzes found
Score Distribution
Percent of People with Each Score
Percentile by Number Answered
Your Score History
You have not taken this quiz